Aktuálne otázky pri zabezpečovaní pohybu kapitálu a platieb v Európskej únii

Voľný pohyb kapitálu a platieb v Európskej únii. Interpretácie nových ustanovení Zmluvy o voľnom pohybe kapitálu a platieb. Ide najmä o ponímanie zákazu obmedzení voľného pohybu kapitálu. Zákaz diskriminačných a nediskriminačných opatrení členských krajín. Obmedzenie vo vzťahu k tretím krajinám. Výk...

Full description

Saved in:
Bibliographic Details
Main Author: Mogyorosiová, Zuzana, 1975-
Format: Book Chapter
Language:Slovak
Subjects:
Tags: Add Tag
No Tags, Be the first to tag this record!

MARC

LEADER 00000naa$a2200000$$$4500
001 0044164
005 20240502071522.8
041 0 |a slo 
044 |a SK 
245 1 0 |a Aktuálne otázky pri zabezpečovaní pohybu kapitálu a platieb v Európskej únii  |c Zuzana Mogyorosiová 
520 |a Voľný pohyb kapitálu a platieb v Európskej únii. Interpretácie nových ustanovení Zmluvy o voľnom pohybe kapitálu a platieb. Ide najmä o ponímanie zákazu obmedzení voľného pohybu kapitálu. Zákaz diskriminačných a nediskriminačných opatrení členských krajín. Obmedzenie vo vzťahu k tretím krajinám. Výklad vybraných ustanovení jednotlivých článkov Zmluvy. 
610 2 0 |a pohyb kapitálu 
610 2 0 |a Európska únia 
610 2 0 |a platby obchodné 
610 2 0 |a opatrenia 
610 2 0 |a zmluvy 
610 2 0 |a styk platobný medzinárodný 
100 1 |a Mogyorosiová, Zuzana, 1975-